Statistics for Все Страны По Фото

Click here to take the quiz!

General Stats

  • This quiz has been taken 439 times
  • The average score is 26 of 195

Answer Stats

Answer% Correct
Россия
98%
Япония
84%
Великобритания
80%
Франция
80%
Австралия
77%
Китай
76%
Египет
75%
Италия
75%
Соединённые Штаты Америки
75%
Бразилия
69%
Индия
65%
Греция
63%
Турция
62%
Казахстан
56%
Северная Корея
54%
Испания
54%
Германия
50%
Объединëнные Арабские Эмираты
50%
Южная Корея
49%
Норвегия
49%
Нидерланды
47%
Украина
45%
Мексика
40%
Куба
40%
Саудовская Аравия
37%
Мальдивы
34%
Швеция
34%
Финляндия
34%
Беларусь
31%
Сингапур
31%
Канада
27%
Польша
27%
Ватикан
25%
Непал
24%
Швейцария
24%
Дания
23%
Исландия
23%
Монголия
22%
Ирак
22%
Румыния
22%
Узбекистан
22%
Израиль
22%
Чехия
19%
Аргентина
19%
Португалия
18%
Ямайка
15%
Мадагаскар
15%
Иордания
14%
Азербайджан
14%
Монако
14%
Малайзия
14%
Венгрия
13%
Австрия
13%
Бельгия
13%
Таиланд
13%
Иран
13%
Ирландия
11%
Индонезия
11%
Камбоджа
11%
Грузия
11%
Танзания
10%
Туркмения
9%
Перу
9%
Латвия
9%
Сирия
8%
Армения
8%
Кирибати
8%
Словакия
8%
Хорватия
8%
Пакистан
7%
Эстония
7%
Центральноафриканская Республика
7%
Кипр
7%
Мьянма
7%
Панама
7%
Черногория
7%
Мальта
6%
Словения
6%
Катар
6%
Судан
6%
Вьетнам
6%
Афганистан
6%
Бутан
6%
Бахрейн
6%
Сербия
5%
Кувейт
5%
Науру
5%
Венесуэла
5%
Киргизия
5%
Бангладеш
5%
Чили
5%
Йемен
4%
Папуа-Новая Гвинея
4%
Южноафриканская Республика
4%
Болгария
4%
Шри-Ланка
4%
Босния и Герцеговина
4%
Гвинея-Бисау
4%
Южный Судан
4%
Боливия
4%
Филиппины
3%
Намибия
3%
Уганда
3%
Колумбия
3%
Лихтенштейн
3%
Маврикий
3%
Багамы
3%
Мавритания
3%
Гондурас
3%
Уругвай
3%
Вануату
2%
Эсватини
2%
Белиз
2%
Гаити
2%
Сенегал
2%
Гватемала
2%
Палау
2%
Сейшелы
2%
Сальвадор
2%
Замбия
2%
Маршалловы Острова
2%
Оман
2%
Марокко
2%
Албания
2%
Алжир
2%
Эквадор
2%
Ливан
2%
Кения
2%
Андорра
2%
Эфиопия
2%
Нигерия
2%
Таджикистан
2%
Молдова
2%
Люксембург
2%
Сомали
2%
Литва
2%
Коста-Рика
2%
Новая Зеландия
2%
Мали
2%
Ботсвана
2%
Демократическая Республика Конго
2%
Лаос
2%
Сент-Винсент и Гренадины
1%
Нигер
1%
Тринидад и Тобаго
1%
Гамбия
1%
Экваториальная Гвинея
1%
Антигуа и Барбуда
1%
Соломоновы Острова
1%
Кабо-Верде
1%
Восточный Тимор
1%
Самоа
1%
Гренада
1%
Сан-Томе и Принсипи
1%
Лесото
1%
Доминика
1%
Сент-Китс и Невис
1%
Сент-Люсия
1%
Северная Македония
1%
Республика Конго
1%
Джибути
1%
Тонга
1%
Коморы
1%
Федеративные Штаты Микронезии
1%
Гана
1%
Сьерра-Леоне
1%
Буркина-Фасо
1%
Ангола
1%
Фиджи
1%
Камерун
1%
Либерия
1%
Парагвай
1%
Бенин
1%
Гвинея
1%
Зимбабве
1%
Чад
1%
Руанда
1%
Тунис
1%
Палестина
1%
Ливия
1%
Кот-д'Ивуар
1%
Барбадос
1%
Мозамбик
1%
Бруней
1%
Суринам
1%
Никарагуа
1%
Доминиканская Республика
1%
Эритрея
1%
Габон
1%
Гайана
1%
Малави
1%
Бурунди
1%
Сан-Марино
1%
Того
1%
Тувалу
1%

Score Distribution

Percentile by Number Answered

Percent of People with Each Score

Your Score History

You have not taken this quiz